000
00218nam a22001097a 4500
041
_a
ENG
245
_a
LINGO
260
_a
illinois
_b
Lindo Systems Inc
_c
1998
300
_a
520
650
_a
Computer
856
_u
Computer
999
_c
740
_d
740